Statistics for Click Chain #23 - World War I+

Click here to take the quiz!

General Stats

  • This quiz has been taken 927 times
  • The average score is 27 of 40

Answer Stats

HintAnswer% Correct
A communist revolution unfolded during World War I in:Russia
94%
…whose leader, until his 1917 abdication, was:Tsar Nicholas II
83%
...where a group of teenagers made a plan to assassinate Archduke:Franz Ferdinand
81%
…who was the leader of:Germany
79%
…whose enemy and cousin was:Kaiser Wilhelm II
79%
...who was assassinated in an automobile in the streets of:Sarajevo
76%
...which, before Austro-Hungarian occupation, was controlled by the:Ottoman Empire
75%
…which commanded Germany to pay particularly excessive:Reparations
75%
...which was the largest city in:Bosnia and Herzegovina
73%
…which caused diplomatic tension after the sinking of the:Lusitania
72%
…whose plane stood out because it was:Red
72%
…which the Allies successfully defended twice because of the construction of:Trenches
72%
…whose most significant battle was the:Battle of Jutland
71%
…who was the First Lord of the Admiralty of the:British Navy
71%
...where the actions of a British Officer were adapted for the film:Lawrence of Arabia
71%
…which were paid primarily to the United Kingdom, France, and:Belgium
70%
…whose primary objective was to quickly capture the city of:Paris
70%
…who was invaded in 1914 when the Germans attempted to carry out the:Schlieffen Plan
70%
…where the delegates penned the:Treaty of Versailles
70%
…where Germans increasingly focused on the deployment of:U-Boats
70%
…where the leader was:Woodrow Wilson
68%
…which angered the general populace of the:United States
67%
…which could be spied on and photographed by:Airplanes
66%
...whose protagonist helped to organize an insurgency called the:Arab Revolt
66%
…where, in 1915, a disastrous Allied campaign failed to take:Gallipoli
64%
…who was the primary leader of the:Russian Revolution
64%
…80 of which were shot down by:Manfred von Richtofen
63%
…which the German army never reached because of an Allied defence mounted at the:Marne River
63%
…whose ally and cousin was:King George V
61%
…which was the colour of the army that was commanded by:Vladimir Lenin
59%
...which was the final decisive battle of the:Middle Eastern Theatre
58%
...whose promise of unlimited military support to Austria-Hungary is called the:Blank Cheque
57%
...which played a part in dealing a crushing blow to the Ottomans at the:Battle of Megiddo
54%
...which offered Austria-Hungary unlimited support for an invasion of:Serbia
54%
…whose sinking led to Germany seeking a military alliance with:Mexico
53%
…when the German High Seas Navy tried to break the naval blockade of The:North Sea
53%
…which was one of the primary topics of debate during the:Paris Peace Conference
53%
…whose failed amphibious attack precipitated the resignation of:Winston Churchill
53%
…which certainly would have rejected the German alliance offered in the:Zimmerman Telegram
51%
…who, in the aftermath of the war, promoted a plan commonly called the:Fourteen Points
50%

Score Distribution

Percentile by Number Answered

Percent of People with Each Score

Your Score History

You have not taken this quiz